01000nam a2200265 4500003000400000005001700004008004100021020001500062040001800077041000800095050001900103100003000122245011300152264006600265300003500331336002200366337002400388338002400412610006100436650006300497650005300560650004900613700002900662700004300691OSt20260530113904.0260506b1995 mx ||||| |||| 00| 0 spa d a9709137034 aICIbspacICI aspa aTK1193.M4bC741 a Cremoux, Raúl, dautor10aRelatos de Luzc Raúl Cremoux ; Martha León, coautora editorial y diseño ; Graciela Iturbide, retratos 1a[México] :bCompañía Federal de Electricidad, c[1995?] a187 páginas :bilustraciones atexto2rdacontent asin medio2rdamedia avolumen2rdacarrier aMéxico.bComisión Federal de Electricidad xHistoria00aProducción de energía eléctrica xHistoriazMéxico00aCentrales hidroeléctricas xHistoriazMéxico00a Centrales eléctricas xHistoriazMéxico1 aLeón, Martha ;eeditor1 aIturbide Graciela ; d1942eilustrador